COPYRIGHT ACT 1987 (ACT 332), REGULATIONS & ORDERS : (Record no. 4460)
[ view plain ]
| 000 -LEADER | |
|---|---|
| fixed length control field | nam a22 a 4500 |
| 003 - CONTROL NUMBER IDENTIFIER | |
| control field | AKMAL |
| 005 - DATE AND TIME OF LATEST TRANSACTION | |
| control field | 20170530104836.0 |
| 008 - FIXED-LENGTH DATA ELEMENTS--GENERAL INFORMATION | |
| fixed length control field | 170530s2005 my | e l 000 0 eng d |
| 020 ## - INTERNATIONAL STANDARD BOOK NUMBER | |
| Qualifying information | Print out from ILBS webpage |
| 082 04 - DEWEY DECIMAL CLASSIFICATION NUMBER | |
| Classification number | 346.5950482 COP |
| Edition number | 21 |
| 090 00 - LOCALLY ASSIGNED LC-TYPE CALL NUMBER (OCLC); LOCAL CALL NUMBER (RLIN) | |
| Classification number (OCLC) (R) ; Classification number, CALL (RLIN) (NR) | 346.5950482 |
| Local cutter number (OCLC) ; Book number/undivided call number, CALL (RLIN) | COP |
| 110 1# - MAIN ENTRY--CORPORATE NAME | |
| Corporate name or jurisdiction name as entry element | Malaysia, |
| Relator term | jurisdiction governed. |
| 9 (RLIN) | 400 |
| 240 1# - UNIFORM TITLE | |
| Uniform title | Akta Hakcipta, 1987. |
| Language of a work | English |
| 245 10 - TITLE STATEMENT | |
| Title | COPYRIGHT ACT 1987 (ACT 332), REGULATIONS & ORDERS : |
| Statement of responsibility, etc. | Compiled by : Legal Research Board |
| 264 #1 - PRODUCTION, PUBLICATION, DISTRIBUTION, MANUFACTURE, AND COPYRIGHT NOTICE | |
| Place of production, publication, distribution, manufacture | Kuala Lumpur |
| Name of producer, publisher, distributor, manufacturer | International Law Book Services, |
| Date of production, publication, distribution, manufacture, or copyright notice | 2005 |
| 300 ## - PHYSICAL DESCRIPTION | |
| Dimensions | 24 cm. |
| 490 1# - SERIES STATEMENT | |
| Series statement | LAWS OF MALAYSIA |
| 500 ## - GENERAL NOTE | |
| General note | buku dicetak melalui komputer |
| 650 10 - SUBJECT ADDED ENTRY--TOPICAL TERM | |
| Topical term or geographic name entry element | Copyright |
| Geographic subdivision | Malaysia |
| 9 (RLIN) | 8471 |
| 650 20 - SUBJECT ADDED ENTRY--TOPICAL TERM | |
| Topical term or geographic name entry element | Copyright infringement |
| Geographic subdivision | Malaysia |
| 9 (RLIN) | 8472 |
| 710 2# - ADDED ENTRY--CORPORATE NAME | |
| Corporate name or jurisdiction name as entry element | Lembaga Penyelidikan Undang-Undang, |
| Relator term | editor of compilation. |
| 9 (RLIN) | 8647 |
| 830 #0 - SERIES ADDED ENTRY--UNIFORM TITLE | |
| Uniform title | LAWS OF MALAYSIA |
| 9 (RLIN) | 1830 |
| 942 ## - ADDED ENTRY ELEMENTS (KOHA) | |
| Source of classification or shelving scheme | |
| Koha item type | Book |
| Withdrawn status | Lost status | Source of classification or shelving scheme | Damaged status | Not for loan | Collection code | Home library | Current library | Shelving location | Date acquired | Inventory number | Total Checkouts | Full call number | Barcode | Date last seen | Price effective from | Koha item type |
|---|---|---|---|---|---|---|---|---|---|---|---|---|---|---|---|---|
| NON-FICTION | AKMAL Melaka | AKMAL Melaka | PINJAMAN | 30.05.2017 | 304216 | 346.5950482 COP | 201707050 | 30.05.2017 | 30.05.2017 | Book | ||||||
| NON-FICTION | AKMAL Melaka | AKMAL Melaka | PINJAMAN | 30.05.2017 | 304217 | 346.5950482 COP | 201707049 | 30.05.2017 | 30.05.2017 | Book |
